1970's UK Number 1 Singles - Sudden Death - Statistics

General Stats
  • This quiz has been taken 31 times
  • The average score is 7 of 19
Answers on the Grid
Answers color-coded by a green-red scale on the quiz's grid according to % correct below.
Back Home
Far Far Away
I Feel Love
It's A Heartache
Figaro
Cars
Evergreen
Metal Guru
Oh Boy
Seasons in The Sun
Puppy Love
One Day At A Time
Rat Trap
Sexy Eyes
Mandy
My Sweet Lord
So You Win Again
Welcome Home
Angel Face
We Don't Talk Anymore
Nutbush City Limits
Angel Fingers
Ain't No Mountain High Enough
Love Me For A Reason
Fanfare For The Common Man
Caroline
Yes Sir I Can Boogie
You Won't Find Another Fool Like Me
(They Long To Be) Close To You
Barbados
 
Answer Stats
Answer % Correct
My Sweet Lord
61%
Seasons in The Sun
61%
Puppy Love
57%
Back Home
52%
We Don't Talk Anymore
48%
Rat Trap
43%
So You Win Again
39%
Yes Sir I Can Boogie
39%
Cars
35%
Figaro
35%
I Feel Love
35%
Love Me For A Reason
35%
Welcome Home
35%
Metal Guru
30%
Angel Fingers
26%
Barbados
26%
One Day At A Time
26%
You Won't Find Another Fool Like Me
26%
Oh Boy
22%
No matching quizzes found
Score Distribution
Percent of People with Each Score
Percentile by Number Answered
Your Score History
You have not taken this quiz